Vyhodnotenie činnosti OKC za rok 2012

Bibliographic Details
Main Author: Cvengrošová, Dana (Author)
Format: Article
Language:Slovak
PhysicalDescription:Fotogr.
Subjects:

MARC

LEADER 00000nab a2200000 ar4500
001 vtls010591944
003 SK-MaSNL
005 20260305040109.0
008 140415c20130302xo mr|p|||||||000 b|slo
038 |a SNSK 
040 |b slo  |c SNSK  |e AACR2 
041 |a slo 
044 |a xo  |c SK 
080 |a 008  |2 2001 
080 |a 351.85  |x (437.672)  |x "2012"  |2 2001 
100 1 |a Cvengrošová, Dana  |4 aut  |9 1096435 
245 1 0 |a Vyhodnotenie činnosti OKC za rok 2012  |c Dana Cvengrošová 
300 |b Fotogr. 
610 2 7 |a Obecné kultúrne centrum (Smižany, Slovensko)  |2 snsk  |9 1096436 
648 7 |a 2012  |2 snsk  |9 326619 
650 0 7 |a činnosť organizácií  |2 snsk  |9 49800 
651 7 |a Smižany (Slovensko)  |2 snsk  |9 29314 
651 7 |a Spišská Nová Ves (Slovensko : okres)  |2 snsk  |9 22259 
773 0 |t Smižiansky hlásnik. Mesačník pre obyvateľov a priateľov Smižian  |g Roč. XXII., č. 3 (2.3.2013), s. 4-5 
852 |a SNSK  |b KIS3GCP 
999 |c 3336655  |d 3338585